Teutscher Fürsten-Stat oder Gründliche und kurtze Beschreibung welcher Gestalt Fürstenthümer Graf -und Herr-Schaften im heil[igen] Röm[-ischen] Reich teutscher Nation ... /
Saved in:
| Main Author: | |
|---|---|
| Format: | Book |
| Language: | German |
| Published: |
Franckfürt :
In Verlegung Thomae Matthiae Götzens,
1660.
|
| Series: | Making of the Modern World.
|
| Subjects: | |
| Tags: |
Add Tag
No Tags, Be the first to tag this record!
|
| LEADER | 01209cam a2200289 a 4500 | ||
|---|---|---|---|
| 001 | 010474792-7 | ||
| 005 | 20070619192433.0 | ||
| 008 | 940513s1660 gw s 001 0 ger d | ||
| 035 | 0 | |a ocn229475419 | |
| 035 | |a (Mome)U111139429 | ||
| 040 | |a ResP |c ResP |d Thomson Gale |d MH | ||
| 043 | |a e------ | ||
| 100 | 1 | |a Seckendorf, Veit Ludwig von, |d 1626-1692. | |
| 245 | 1 | 0 | |a Teutscher Fürsten-Stat oder Gründliche und kurtze Beschreibung welcher Gestalt Fürstenthümer Graf -und Herr-Schaften im heil[igen] Röm[-ischen] Reich teutscher Nation ... / |c abgefasset durch Veit Ludwig von Seckendorff ... ; von newem übersehen und corrigirt ... |
| 260 | |a Franckfürt : |b In Verlegung Thomae Matthiae Götzens, |c 1660. | ||
| 300 | |a [38], 616, [28] p. ; |c 16 cm. (8vo) | ||
| 500 | |a First editon 1655. | ||
| 500 | |a Engraved title on added t.p. | ||
| 500 | |a Includes index. | ||
| 500 | |a Goldsmiths'-Kress no. 1563.100, suppl. | ||
| 650 | 0 | |a Constitutional law |z Holy Roman Empire. | |
| 650 | 0 | |a Feudal law |z Holy Roman Empire. | |
| 650 | 0 | |a Law |z Holy Roman Empire. | |
| 740 | 0 | |a Gründliche und kurtze Beschreibung welcher Gestalt ... | |
| 830 | 0 | |a Making of the Modern World. |5 net | |
| 988 | |a 20070530 | ||
| 906 | |0 OCLC | ||


